Quizzes
Events
Quiz Creation
Community
Videos
Private Events
Remove Ads
Sign In
Join for FREE
Feedback
Dark Mode
Quiz Categories
Sports
Geography
Music
Movies
Television
Just For Fun
Miscellaneous
History
Literature
Language
Science
Gaming
Entertainment
Religion
Holiday
For Kids
Quiz Lab
Recent
Popular Today
Quiz Kudos Today
Editor Picks
Curator Picks
Quizzes by...
Day
Popularity
Type
Ratings
Length
Year
Community
Subscriptions
Recent Discussions
Orange Saloon
Badges
Playlists
Quests
Create
Leaderboards
Showdown
Live 5
Trivia Bingo
Activity
Puzzle Library
Sporcle Events
Private Events
Virtual Trivia
Globe League
Become a Host
Pub Owners
SporcleCon
Opinionation
Our Games
Videos
Blog
Mobile Apps
Partnerships
Remove Ads and Go Orange
Feedback
Geography
Country
Landmarks
City
State
Population
World
Capital
Continent
Flags
Europe
Africa
Asia
South America
North America
Oceania
Border
Canada
United Kingdom
Topography
United States
Geography
Country
Landmarks
City
State
Population
World
Capital
Continent
Flags
Europe
Africa
Asia
South America
North America
Oceania
Border
Canada
United Kingdom
Topography
United States
Random Quiz
Search Sporcle
×
Quiz Lab
Quiz Lab
Geography
City
Type in answers that appear in a list
Type in answers that appear in a list
Classic
Best Score? Go Orange.
200 Most Populous US Cities Stats
Can you name the 200 Most Populous US Cities?
By
Yoshi
15m
200 Questions
1,137 Plays
1,137 Plays
1,137 Plays
Comments
Comments
Give Quiz Kudos
Give Quiz Kudos
-
- Ratings
hide this ad
More Info
Replay
Link that replays current quiz
Next Quiz
Link to next quiz in quiz playlist
You Got
0%
They Got
Avg Score
61%
Avg Friend Score
Upgrade to see
Score Distribution
Jump to the score distribution portion of the page
Score
0/200
Timer
15:00
0
Plays Today
Rank
City
% Correct
2
Los Angeles
97.4%
3
Chicago
95.4%
1
New York City
95.1%
4
Houston
95.1%
8
Dallas
94.9%
9
San Diego
93.6%
6
Philadelphia
93.2%
12
San Francisco
92.9%
43
Miami
92.8%
5
Phoenix
92.1%
21
Boston
92.1%
25
Seattle
91.9%
11
Detroit
90.9%
7
San Antonio
90.6%
33
Atlanta
90.6%
29
Portland
90.4%
132
Jackson
90.2%
13
Jacksonville
89.7%
24
Denver
89.4%
28
Las Vegas
89.4%
14
Indianapolis
89.1%
59
New Orleans
89%
35
Kansas City
88.6%
169
Kansas City
88.6%
10
San Jose
88%
60
Pittsburgh
88%
31
Oklahoma City
87.9%
15
Austin
87.8%
20
Baltimore
87.6%
26
Nashville
87.6%
19
Memphis
87.4%
47
Minneapolis
87.3%
41
Cleveland
87.1%
16
Columbus
86.8%
120
Columbus
86.8%
69
Buffalo
86.1%
52
St. Louis
85.9%
82
Orlando
85.6%
53
Tampa
84.9%
56
Cincinnati
84.6%
18
Charlotte
83.9%
37
Sacramento
82.9%
23
Milwaukee
82.7%
27
Washington D.C
82.7%
22
El Paso
82.3%
45
Raleigh
82.3%
126
Salt Lake City
81.6%
17
Fort Worth
80.9%
84
Baton Rouge
80.9%
66
St. Paul
80.8%
30
Louisville
80.4%
44
Oakland
79.4%
148
Springfield
79.3%
155
Springfield
79.3%
34
Albuquerque
78.2%
68
Newark
77.8%
40
Omaha
77.6%
83
Birmingham
77.6%
118
Little Rock
77.2%
32
Tucson
76.3%
112
Des Moines
76.1%
105
Richmond
76%
100
Boise
75.8%
72
Lincoln
75.7%
46
Tulsa
75.6%
136
Providence
75.2%
48
Colorado Springs
74.9%
Rank
City
% Correct
81
Madison
74.8%
93
Reno
74.6%
49
Honolulu
73.9%
42
Virginia Beach
73.3%
99
Rochester
73%
193
Hartford
72.8%
51
Wichita
71.8%
78
Jersey City
71.7%
36
Fresno
71.6%
67
Anchorage
71.4%
50
Arlington
71.2%
96
Arlington
71.2%
123
Knoxville
70.8%
65
Lexington
70%
103
Montgomery
69.8%
62
Toledo
69.5%
174
Syracuse
69.5%
116
Mobile
69.4%
113
Augusta
68.7%
153
Salem
68.6%
77
St. Petersburg
68.2%
189
Columbia
68%
55
Anaheim
67.5%
38
Long Beach
67.4%
104
Spokane
67.3%
58
Aurora
66.6%
134
Aurora
66.6%
97
Akron
66.5%
110
Tacoma
66.5%
133
Tallahassee
66.3%
198
Topeka
66.2%
39
Mesa
65.9%
80
Norfolk
65.6%
114
Grand Rapids
65.3%
64
Corpus Christi
65.1%
73
Fort Wayne
65%
152
Dayton
64.2%
181
Savannah
63.8%
85
Durham
63.5%
75
Greensboro
63.3%
61
Riverside
62.8%
156
Eugene
62.2%
124
Fort Lauderdale
62.1%
57
Bakersfield
62%
74
Glendale
60.8%
111
Glendale
60.8%
106
Yonkers
59.8%
196
New Haven
59.7%
54
Santa Ana
59.3%
79
Scottsdale
58.9%
108
Shreveport
58.9%
125
Worcester
58%
87
Lubbock
57.5%
150
Sioux Falls
57.3%
63
Stockton
54.1%
71
Henderson
54%
177
Bridgeport
53.8%
70
Plano
53.6%
91
Winston-Salem
53.2%
109
San Bernardino
51.9%
98
Irvine
51.5%
139
Chattanooga
51.5%
92
North Las Vegas
50.8%
119
Amarillo
50%
129
Tempe
50%
107
Irving
49.1%
194
Waco
48.8%
Rank
City
% Correct
88
Chesapeake
48.5%
86
Laredo
48.2%
130
Brownsville
47.7%
128
Huntsville
47.5%
131
Fayetteville
46.8%
187
Cedar Rapids
46.7%
95
Hialeah
46.5%
145
Peoria
45.9%
158
Pasadena
45.9%
168
Pasadena
45.9%
101
Modesto
45.4%
164
Alexandria
45.1%
143
Vancouver
44.9%
127
Newport News
44.7%
89
Chula Vista
43.8%
90
Garland
43.2%
146
Rockford
43%
161
Paterson
43%
176
Fort Collins
42.9%
76
Chandler
42.6%
102
Fremont
42.5%
115
Huntington Beach
42.5%
137
Overland Park
41.7%
192
Elizabeth
41%
171
Hollywood
40.5%
159
Joliet
39.9%
94
Gilbert
39.2%
121
Oxnard
38.2%
178
Orange
38%
135
Ontario
37.9%
167
Naperville
36.5%
179
Warren
35.7%
141
Santa Clarita
35.3%
149
Santa Rosa
34.6%
185
McAllen
34.2%
197
West Valley City
34%
140
Oceanside
32.4%
147
Cape Coral
31.1%
162
Hampton
30.9%
172
Lakewood
30.9%
186
Cary
30.7%
163
Lancaster
30%
138
Rancho Cucamonga
29.7%
117
Moreno Valley
29.5%
151
Port St. Lucie
29.4%
175
Escondido
28.7%
195
Bellevue
28.5%
188
Sterling Heights
27.8%
122
Fontana
27.4%
199
Thousand Oaks
27.3%
182
Mesquite
27.2%
144
Grand Prairie
26.7%
154
Pomona
26.3%
173
Torrance
26.3%
184
Fullerton
26.2%
180
Elk Grove
25.9%
165
Salinas
25.7%
157
Corona
25.5%
160
Pembroke Pines
24.8%
166
Palmdale
24.7%
183
Sunnyvale
24.6%
170
Hayward
24.1%
142
Garden Grove
23.7%
190
Coral Springs
22.7%
200
El Monte
19.3%
191
Carrollton
16.9%
Quiz Playlist
Details
Report
Send in Message
Add To Playlist
More Info:
Population as of July 1, 2008
Classic:
Type in answers that appear in a list
Quiz Source
Last Updated: Dec 14, 2018
Quiz Scoreboard
CHALLENGE
Sign Up to Join the Scoreboard
Show All
Scores
Hide
Comments
May contain spoilers
Recently Published
One Thing in Common: World Cities II
by knightlancer
Geography
7m
Popular People in 1961
by mucciniale
History
6m
1-10 Letter E Words III
by El_Dandy
Language
2m
More to Explore
Quiz From the Vault
Featured Blog Post
Where Did the Easter Bunny Come From?
hide this ad
You Might Also Like...
Tags
City Quiz
Population Quiz
200
200 Most
US Cities
Today's Top Quizzes in Geography
Browse Geography
hide this ad
Today's Top Quizzes in City
Browse City
Top Contributed Quizzes in Geography
1
Countries of the World - No Outlines Minefield
2
Top 25 Cities of France on a map
3
African Flag Reveal XLV
4
Closest Countries to UK A-Z
5
Blind Secret Country CLXXXVIII
6
Find the US States - No Outlines
7
One Thing in Common: Asia
8
One Thing in Common: United Kingdom
9
One Thing in Common: Geography
10
One Thing in Common: Around the World
Explore More
Trending Topics
Kpop
Crossword
NBA
Disney
Harry Potter
Marvel
Anime
NFL
The Office
Pokémon
Soccer
Song
Country
Puzzle
WWE
hide this ad
More By:
Yoshi
Quiz
Plays
Rating
Category
Featured
Created
200 Most Populous US Cities
1,137
4.25
Geography
Jan 2, 2010
Major Cities Along US Highways
349
3.44
Geography
Jan 2, 2010
Music Clip Challenge: Rap
256
1.89
Music
Jan 18, 2010
Go to Creator's Profile
Score Distribution
Quiz Creator Spotlight
Yoshi
Follow
Send a Message
Quizzes Created
-
Created Quiz Play Count
-
More By This Creator
Popular Quizzes Today
1
Find the US States - No Outlines Minefield
2
The Countries of the World
3
Popular People in 1961
4
Find the Countries of Europe - No Outlines Minefield
5
1-10 Letter E Words III
6
Find the US States
7
One Thing in Common: World Cities II
8
US States
More Geography Quizzes
South America Crossword Puzzle
Quiz Lab
Trending Quizzes
1-10 Letter F Words
1-10 Letter G Words
Risky Map Clicking: Next State Alphabetically
1-10 Letter F Words II
Risky Map Clicking: States by Unique Starting Letters
Recently Updated
Leaping Animals
pecheneg
Reality TV Shows (A-Z)
bhenderson79
Rickey Henderson's Hall of Fame Teammates
pecheneg
Champions League XIs: Arsenal
pecheneg
Quick Pick: Celebrities in WWE's Hall of Fame
aduchscher
A-Z Keypad Blitz II
pecheneg
Multiple Oscar Actors
pecheneg
Mystery Phrase Blitz: Oscar 'Best Actors'
pecheneg
F. Scott Fitzgerald Novels
LTH
Pick 3 Villains
ddd62291
Trending Topics
Marvel
Crossword
NBA
Disney
Kpop
Anime
Harry Potter
NFL
Puzzle
The Office
Song
Pokémon
Soccer
WWE
Country
Your Account Isn't Verified!
In order to create a playlist on Sporcle, you need to verify the email address you used during registration. Go to your
Sporcle Settings
to finish the process.
Report this User
Report this user for behavior that violates our
Community Guidelines
.
Details:
Send Report
Go to the Sporcle.com Mobile Site →
Comments